Carregant...
100 ideas for teaching creativity
| Autor principal: | |
|---|---|
| Format: | Printed Book |
| Publicat: |
New Delhi
Viva
2007
|
| Matèries: |
| LEADER | 00499cam a2200169ua 4500 | ||
|---|---|---|---|
| 020 | |a 1-8468-4099-6 | ||
| 082 | |a 370.118 |b BOW/H | ||
| 100 | 0 | |a Bowkett,Stephen. | |
| 245 | 1 | 0 | |a 100 ideas for teaching creativity |
| 260 | |a New Delhi |b Viva |c 2007 | ||
| 300 | |a 116p. | ||
| 500 | |a Includes index. | ||
| 650 | |a Teaching- Creativity | ||
| 650 | 0 | |a Education | |
| 942 | |c BK | ||
| 999 | |c 17556 |d 17556 | ||
| 952 | |0 0 |1 0 |4 0 |6 370_118000000000000_BOWH |7 0 |9 18305 |a KUCL |b KUCL |d 2014-05-23 |l 0 |o 370.118 BOW/H |p 18969 |r 2014-05-23 |y BK | ||